Antología Lycanthropica (Registro nro. 12006)
[ vista simple ]
| 000 -CABECERA | |
|---|---|
| campo de control de longitud fija | 00416nam a22001577a 4500 |
| 005 - FECHA Y HORA DE ACTUALIZACIÓN | |
| campo de control | 20190730183024.0 |
| 008 - LONGITUD FIJA | |
| campo de control de longitud fija | 190604b xxu||||| |||| 00| 0 spa d |
| 041 ## - IDIOMA | |
| Código de idioma del texto/pista de sonido o título separado | |
| 082 ## - CLASIFICACIÓN DECIMAL DEWEY | |
| Número de clasificación | N861.5 Z25a |
| 100 ## - AUTOR PERSONAL | |
| Nombre de persona | Zamora Corea, Rodolfo |
| 245 ## - TÍTULO PROPIAMENTE DICHO | |
| Título | Antología Lycanthropica |
| 300 ## - DESCRIPCIÓN FÍSICA | |
| Extensión | 102 páginas |
| 650 ## - Materia General | |
| Materia general | POESÍA NICARAGÜENSE |
| 650 ## - Materia General | |
| Materia general | LITERATURA NICARAGÜENSE |
| 942 ## - Punto de Acceso Adicional Koha | |
| Tipo de ítem Koha | Literatura |
| Estado perdido | Estado dañado | No para préstamo | Biblioteca permanente | Biblioteca actual | Signatura completa | Código de barras | Tipo de ítem |
|---|---|---|---|---|---|---|---|
| Departamento de Biblioteca y Documentación Alfonso Chase Brenes | Departamento de Biblioteca y Documentación Alfonso Chase Brenes | N861.5 Z25a | 24462 | Literatura |